2023中超联赛参赛队伍 Teams in 2023 Chinese Super League - Statistics

General Stats
  • This quiz has been taken 125 times
  • The average score is 15 of 16
Answer Stats
Picture Answer % Correct
山东泰山足球俱乐部
98%
上海海港足球俱乐部
98%
河南足球俱乐部
98%
武汉三镇足球俱乐部
97%
成都蓉城足球俱乐部
97%
北京国安足球俱乐部
97%
浙江职业足球俱乐部
96%
天津津门虎足球俱乐部
94%
上海申花足球俱乐部
92%
长春亚泰足球俱乐部
91%
深圳市足球俱乐部
91%
南通支云足球俱乐部
91%
沧州雄狮足球俱乐部
87%
大连人职业足球俱乐部
85%
青岛海牛足球俱乐部
78%
梅州客家足球俱乐部
72%
No matching quizzes found
Score Distribution
Percent of People with Each Score
Percentile by Number Answered
Your Score History
You have not taken this quiz